[Event "Landesklasse Ost 2013/2014"]
[Site "?"]
[Date "2013.11.16"]
[Round "1"]
[White "Küffner, Rolf"]
[Black "Koseck, Christian"]
[Result "1/2-1/2"]
[WhiteElo "1842"]
[BlackElo "1597"]
[PlyCount "85"]
[EventDate "2013.??.??"]
[WhiteTeam "ESV Gera"]
[BlackTeam "TuS Osterburg Weida"]

1. e4 e5 2. Bc4 Nc6 3. Nf3 Be7 4. c3 Nf6 5. d3 O-O 6. O-O d6 7. Re1 Bd7 8. b4
a6 9. Bg5 b5 10. Bxf6 Bxf6 11. Bd5 Rb8 12. Nbd2 Ne7 13. Bb3 Ng6 14. Nf1 Nf4 15.
Ne3 c6 16. Qd2 a5 17. a3 a4 18. Ba2 Qe7 19. Rac1 Rbc8 20. d4 Rfd8 21. c4 Be6
22. d5 cxd5 23. Nxd5 Nxd5 24. exd5 Bd7 25. c5 e4 26. c6 Bg4 27. h3 Bxf3 28.
gxf3 Bg5 29. f4 Bh6 30. Qe3 Re8 31. Rc2 Qf6 32. Qc3 Qxf4 33. Qg3 Qxg3+ 34. fxg3
f5 35. Rce2 Rc7 36. g4 g6 37. h4 Rf8 38. Bb1 Rff7 39. Kg2 Bg7 40. gxf5 gxf5 41.
Rf1 Be5 42. Kh3 Rg7 43. Rg2 1/2-1/2

[Event "Landesklasse Ost 2013/2014"]
[Site "?"]
[Date "2013.11.17"]
[Round "3"]
[White "Fuchs, Antje"]
[Black "Schmidt, Stephan"]
[Result "1-0"]
[WhiteElo "1969"]
[BlackElo "1639"]
[PlyCount "69"]
[EventDate "2013.??.??"]
[WhiteTeam "TSV Zeulenroda"]
[BlackTeam "SSV Vimaria 91 Weimar"]

1. e4 e5 2. Nf3 Nc6 3. Bb5 a6 4. Ba4 Nf6 5. O-O b5 6. Bb3 Be7 7. d3 O-O 8. c3
d6 9. Nbd2 Bg4 10. h3 Bh5 11. Qe1 Na5 12. Bc2 c5 13. Nh2 Rc8 14. f4 exf4 15.
Rxf4 Nc6 16. Rf1 Bg6 17. Ndf3 Nd7 18. Bf4 Nde5 19. Rd1 Bf6 20. Bg3 Re8 21. Nh4
Bh5 22. N2f3 Nxf3+ 23. Nxf3 Ne5 24. Rd2 Nxf3+ 25. gxf3 b4 26. Rg2 bxc3 27. bxc3
Rb8 28. Bb3 Qd7 29. Bh4 Qe7 30. Bxf6 Qxf6 31. f4 a5 32. Rg5 g6 33. Qd2 h6 34.
Rg3 Qh4 35. Qf2 {ZÜ} 1-0

[Event "Landesklasse Ost 2013/2014"]
[Site "?"]
[Date "2013.12.08"]
[Round "4"]
[White "Sack, Matthias"]
[Black "Buring, Matthias"]
[Result "0-1"]
[WhiteElo "1951"]
[BlackElo "2041"]
[PlyCount "78"]
[EventDate "2013.??.??"]
[WhiteTeam "SV Hermsdorf"]
[BlackTeam "SG Arnstadt-Stadtilm"]

1. e4 d5 2. exd5 Nf6 3. d4 Nxd5 4. c4 Nf6 5. Nc3 e6 6. Nf3 Nbd7 7. Be2 Bb4 8.
O-O O-O 9. Bg5 h6 10. Bh4 c6 11. Qc2 Qa5 12. Ne4 Be7 13. Nxf6+ Bxf6 14. Bxf6
Nxf6 15. Rad1 Qc7 16. Ne5 c5 17. Qc3 cxd4 18. Qxd4 b6 19. Qd6 Qxd6 20. Rxd6 Bb7
21. Rfd1 Rfc8 22. f3 Kf8 23. Kf2 Ke8 24. R1d2 Rc5 25. Ng4 Nxg4+ 26. fxg4 Rac8
27. b4 R5c7 28. g3 Ba6 29. c5 Bxe2 30. cxb6 axb6 31. Kxe2 Rb8 32. R6d4 Ke7 33.
Ke3 e5 34. Rd5 f6 35. Rb2 Ra8 36. h4 Ra3+ 37. Rd3 Rcc3 38. Rxc3 Rxc3+ 39. Ke4
Ke6 {ZÜ} 0-1

[Event "Landesklasse Ost 2013/2014"]
[Site "?"]
[Date "2014.01.12"]
[Round "5"]
[White "Fischer, Dennis"]
[Black "Werner, Daniel"]
[Result "1/2-1/2"]
[WhiteElo "1904"]
[BlackElo "1759"]
[PlyCount "73"]
[EventDate "2014.??.??"]
[WhiteTeam "SV Medizin Erfurt"]
[BlackTeam "SC Rochade Zeulenroda"]

1. d4 Nf6 2. c4 e6 3. Nc3 d5 4. cxd5 exd5 5. Nf3 c6 6. g3 Be7 7. Bg2 O-O 8. O-O
Bg4 9. Qb3 Qb6 10. Qxb6 axb6 11. Ne5 Bf5 12. h3 h6 13. g4 Bh7 14. f4 Nfd7 15.
Nxd7 Nxd7 16. f5 Bd6 17. e4 dxe4 18. Nxe4 Bc7 19. Bd2 Ra4 20. b4 Rd8 21. a3 Ra7
22. Bc3 Kf8 23. g5 hxg5 24. Nxg5 Bg8 25. d5 Ne5 26. dxc6 bxc6 27. f6 gxf6 28.
Rxf6 Rd3 29. Bb2 Nc4 30. Ne6+ Ke7 31. Nxc7 Nxb2 32. Rxc6 Rdxa3 33. Re1+ Kf8 34.
Nb5 Nd3 35. Rf1 Nxb4 36. Nxa7 Nxc6 37. Nxc6 {Rest für mich absolut nicht
nachvollziehbar.} 1/2-1/2

[Event "Landesklasse Ost 2013/2014"]
[Site "?"]
[Date "2013.09.15"]
[Round "1"]
[White "Kosowski, Todor"]
[Black "Sunderbrink, Heino"]
[Result "1/2-1/2"]
[WhiteElo "2162"]
[BlackElo "1968"]
[PlyCount "89"]
[EventDate "2013.??.??"]
[WhiteTeam "SG Arnstadt-Stadtilm"]
[BlackTeam "SV Medizin Erfurt"]

1. e4 Nf6 2. e5 Nd5 3. d4 d6 4. Nf3 dxe5 5. Nxe5 c6 6. Bc4 Nd7 7. Nf3 N7b6 8.
Bb3 Bf5 9. O-O e6 10. a3 Be7 11. c4 Nf6 12. h3 O-O 13. Nc3 Qc7 14. Qe2 Rad8 15.
Rd1 Rfe8 16. Ne5 h6 17. Bf4 Qc8 18. g4 Bh7 19. g5 hxg5 20. Bxg5 Bf5 21. Kh2 g6
22. Bxf6 Bxf6 23. Ne4 Bxe4 24. Qxe4 c5 25. Qf4 Bxe5 26. dxe5 Rxd1 27. Rxd1 Rd8
28. h4 Rxd1 29. Bxd1 Qc7 30. h5 Nd7 31. hxg6 fxg6 32. Bg4 Qxe5 33. Qxe5 Nxe5
34. Bxe6+ Kg7 35. Kg3 Kf6 36. Bd5 b6 37. b4 Nd3 38. bxc5 bxc5 39. Kf3 Ke5 40.
Ke3 Nf4 41. Ba8 Ne6 42. Kd3 Nf4+ 43. Ke3 Ne6 44. Bb7 g5 45. Bd5 1/2-1/2

[Event "Landesklasse Ost 2013/2014"]
[Site "?"]
[Date "2013.09.15"]
[Round "1"]
[White "Zeuner, Ulrich"]
[Black "Buring, Matthias"]
[Result "0-1"]
[WhiteElo "1969"]
[BlackElo "2014"]
[PlyCount "78"]
[EventDate "2013.??.??"]
[WhiteTeam "SV Medizin Erfurt"]
[BlackTeam "SG Arnstadt-Stadtilm"]

1. e4 b6 2. Nc3 Bb7 3. Nf3 e6 4. Be2 d5 5. exd5 exd5 6. d4 Nf6 7. O-O Be7 8.
Nh4 Qd7 9. Bd3 Ne4 10. Nf3 O-O 11. Ne5 Qc8 12. Re1 f6 13. Rxe4 dxe4 14. Bc4+
Kh8 15. Nf7+ Rxf7 16. Bxf7 Qf5 17. Be3 Nd7 18. Bh5 Rd8 19. Qe2 Nb8 20. Bg4 Qg6
21. Bh5 Qf5 22. Rd1 Qe6 23. Bf4 Bd6 24. d5 Qf5 25. Bxd6 cxd6 26. Nxe4 Qe5 27.
c4 g6 28. Bf3 Nd7 29. Qd2 Re8 30. h4 Nc5 31. Nxc5 bxc5 32. b4 Ba6 33. bxc5 dxc5
34. d6 Rd8 35. d7 Bxc4 36. Qa5 Qb8 37. Qxc5 Bxa2 38. Qe7 f5 39. Qf6+ Kg8 0-1

[Event "Landesklasse Ost 2013/2014"]
[Site "?"]
[Date "2013.09.15"]
[Round "1"]
[White "Sauer, Marko"]
[Black "Kube, Hannelore"]
[Result "1/2-1/2"]
[WhiteElo "1988"]
[BlackElo "1808"]
[PlyCount "54"]
[EventDate "2013.??.??"]
[WhiteTeam "SG Arnstadt-Stadtilm"]
[BlackTeam "SV Medizin Erfurt"]

1. e4 e5 2. Bc4 Nf6 3. d4 exd4 4. Nf3 Nc6 5. e5 d5 6. Bb5 Ne4 7. Nxd4 Bc5 8.
Be3 O-O 9. Nxc6 bxc6 10. Bxc5 Nxc5 11. Bxc6 Rb8 12. Qd4 Qe7 13. Nc3 Be6 14. b4
Rxb4 15. Qd2 Ne4 16. Nxd5 Bxd5 17. Qxd5 Nc3 18. Qa5 Rc4 19. Bf3 Rc5 20. Qa6
Rxe5+ 21. Kf1 Re8 22. g3 Rf5 23. Kg2 Rxf3 24. Rhe1 Ne2 25. Rxe2 Qxe2 26. Qxe2
Rxe2 27. Kxf3 Rxc2 1/2-1/2

[Event "Landesklasse Ost 2013/2014"]
[Site "?"]
[Date "2013.09.15"]
[Round "1"]
[White "Rost, Detlef"]
[Black "Schätz, Bianca"]
[Result "0-1"]
[WhiteElo "1885"]
[BlackElo "1811"]
[PlyCount "74"]
[EventDate "2013.??.??"]
[WhiteTeam "SV Medizin Erfurt"]
[BlackTeam "SG Arnstadt-Stadtilm"]

1. d4 d5 2. c4 e6 3. Nf3 Nf6 4. Bg5 Be7 5. e3 Nbd7 6. Nc3 c6 7. Qc2 O-O 8. Rd1
Re8 9. a3 a5 10. h3 dxc4 11. Bxc4 b5 12. Bd3 h6 13. Bh4 Bb7 14. O-O Rc8 15. Bg3
Qb6 16. Qe2 Nd5 17. Ne4 b4 18. Rc1 c5 19. Bb5 Bc6 20. Bxc6 Rxc6 21. dxc5 Nxc5
22. Nd4 Rcc8 23. Nd2 bxa3 24. Nc4 Qa6 25. bxa3 Ne4 26. Ne5 Qxe2 27. Nxe2 Nxg3
28. Nxg3 Bxa3 29. Rb1 Bd6 30. f4 Nxe3 31. Rfe1 Nd5 32. Ne4 Be7 33. Rb7 a4 34.
Nxf7 Kxf7 35. Nd6+ Kf6 36. Nxc8 Rxc8 37. Ra7 Bc5+ 0-1

[Event "Landesklasse Ost 2013/2014"]
[Site "?"]
[Date "2013.09.15"]
[Round "1"]
[White "Seele, Hartmut"]
[Black "Jank, Kevin"]
[Result "1/2-1/2"]
[WhiteElo "1796"]
[BlackElo "1632"]
[PlyCount "36"]
[EventDate "2013.??.??"]
[WhiteTeam "SV Medizin Erfurt"]
[BlackTeam "SG Arnstadt-Stadtilm"]

1. e4 e5 2. Nf3 Nc6 3. d4 exd4 4. Nxd4 Bc5 5. c3 Qf6 6. Be3 Nge7 7. Nf5 Bxe3 8.
Nxe3 d6 9. Be2 Be6 10. O-O Qf4 11. Nd2 O-O 12. Qc2 f5 13. exf5 Nxf5 14. Nxf5
Rxf5 15. Rae1 Ne5 16. g3 Rg5 17. Nf3 Nxf3+ 18. Bxf3 Qxf3 1/2-1/2

[Event "Landesklasse Ost 2013/2014"]
[Site "?"]
[Date "2013.09.15"]
[Round "1"]
[White "Widmann, Benjamin"]
[Black "Stumm, Rainer"]
[Result "1-0"]
[WhiteElo "1862"]
[BlackElo "1599"]
[PlyCount "69"]
[EventDate "2013.??.??"]
[WhiteTeam "SG Arnstadt-Stadtilm"]
[BlackTeam "SV Medizin Erfurt"]

1. c4 c5 2. Nc3 Nc6 3. Nf3 Nf6 4. g3 d6 5. Bg2 g6 6. d3 Bg7 7. Bd2 O-O 8. O-O
a6 9. Rb1 Rb8 10. a4 Bd7 11. Qc1 Qe8 12. Bh6 Nd4 13. Bxg7 Kxg7 14. b3 Bc6 15.
Nxd4 cxd4 16. Nd5 Bxd5 17. Bxd5 b5 18. axb5 axb5 19. Bf3 e5 20. Re1 Rb6 21. b4
Qb8 22. Qd2 Rc8 23. Rec1 Ne8 24. e3 dxe3 25. fxe3 Rc7 26. c5 Ra6 27. d4 f6 28.
Ra1 Ra4 29. Rxa4 bxa4 30. Ra1 Qb5 31. Be2 Qd7 32. Qc2 Ra7 33. c6 Qf5 34. Qxf5
gxf5 35. b5 1-0

[Event "Landesklasse Ost 2013/2014"]
[Site "?"]
[Date "2013.09.15"]
[Round "1"]
[White "Krajinski, Lutz"]
[Black "Marufke, Kai"]
[Result "1/2-1/2"]
[WhiteElo "1607"]
[BlackElo "1875"]
[PlyCount "41"]
[EventDate "2013.??.??"]
[WhiteTeam "SV Medizin Erfurt"]
[BlackTeam "SG Arnstadt-Stadtilm"]

1. c4 f5 2. d4 e6 3. Nc3 Nf6 4. Nf3 d5 5. Bf4 c6 6. e3 Be7 7. Bd3 O-O 8. O-O
Ne4 9. Ne5 Nd7 10. Qc2 Bf6 11. Ne2 Nxe5 12. dxe5 Be7 13. Nd4 Bg5 14. b4 Bxf4
15. exf4 Qb6 16. Nb3 Qxb4 17. a3 Qe7 18. cxd5 exd5 19. f3 g5 20. fxe4 fxe4 21.
Be2 1/2-1/2

[Event "Landesklasse Ost 2013/2014"]
[Site "?"]
[Date "2013.09.15"]
[Round "1"]
[White "Sack, Matthias"]
[Black "Osterloh, Felix"]
[Result "1/2-1/2"]
[WhiteElo "1951"]
[BlackElo "1910"]
[PlyCount "89"]
[EventDate "2013.??.??"]
[WhiteTeam "SV Hermsdorf"]
[BlackTeam "SV Schott Jena"]

1. e4 e5 2. Nf3 Nc6 3. Bc4 Bc5 4. O-O Nf6 5. d3 d6 6. h3 h6 7. c3 Be6 8. Bxe6
fxe6 9. d4 exd4 10. cxd4 Bb6 11. Nc3 O-O 12. Na4 e5 13. Nxb6 axb6 14. Qb3+ Kh7
15. Be3 exd4 16. Nxd4 Nxd4 17. Bxd4 Qe7 18. f3 Qf7 19. Qxf7 Rxf7 20. Rfc1 c5
21. Bf2 d5 22. exd5 Nxd5 23. Rd1 Rd7 24. Rd2 Rad8 25. Rad1 Nf6 26. Rxd7 Rxd7
27. Rxd7 Nxd7 28. Kf1 Kg6 29. Ke2 Kf5 30. a4 Ke5 31. Kd3 Kd5 32. b3 Nf8 33. f4
Ng6 34. g3 Ne7 35. g4 Nc6 36. h4 Na5 37. b4 Nc4 38. Kc3 Nd6 39. Be3 Ne4+ 40.
Kd3 Nd6 41. b5 Nc4 42. Bc1 Nd6 43. Bb2 g6 44. Be5 h5 45. gxh5 1/2-1/2

[Event "Landesklasse Ost 2013/2014"]
[Site "?"]
[Date "2013.09.15"]
[Round "1"]
[White "Seifert, Michael"]
[Black "Hadlich, Gerald"]
[Result "1-0"]
[WhiteElo "1804"]
[BlackElo "1834"]
[PlyCount "153"]
[EventDate "2013.??.??"]
[WhiteTeam "SV Schott Jena"]
[BlackTeam "SV Hermsdorf"]

1. d4 d5 2. Nf3 c6 3. Bf4 Nf6 4. h3 Bf5 5. e3 e6 6. Nbd2 Bd6 7. Bxd6 Qxd6 8.
Nh4 Bg6 9. Nxg6 hxg6 10. Bd3 Nbd7 11. c4 O-O 12. O-O e5 13. Nb3 e4 14. Be2 Rfe8
15. Rc1 a5 16. a3 dxc4 17. Bxc4 Nd5 18. Qd2 b6 19. Qc2 Rac8 20. Nd2 N5f6 21.
Qb3 Rf8 22. Rc2 c5 23. Rfc1 Rcd8 24. dxc5 Nxc5 25. Qb5 Qb8 26. Nb3 Nxb3 27.
Bxb3 Rd7 28. Rc6 Rb7 29. Qc4 Qe5 30. Rc8 Qe7 31. Rc7 Rxc7 32. Qxc7 Qd8 33.
Bxf7+ Kh7 34. Qxd8 Rxd8 35. Rc2 Rd7 36. Bb3 Rd6 37. Kf1 g5 38. Ke2 Kg6 39. Rd2
Rc6 40. Ba4 Rc5 41. Rd4 b5 42. Bd1 Kf5 43. Kd2 Ke5 44. Bc2 Rd5 45. Rxd5+ Nxd5
46. f3 exf3 47. gxf3 b4 48. Bb3 Ne7 49. axb4 axb4 50. Kd3 Nf5 51. Ba4 Nd6 52.
Bc6 Nf5 53. b3 Nd6 54. e4 Kf4 55. Kd4 Nf7 56. Kc5 Ne5 57. Bd5 Nxf3 58. Kxb4 Ne5
59. Ka5 g4 60. hxg4 Nxg4 61. b4 Nf6 62. b5 Nd7 63. Bc6 Nc5 64. Kb4 Ne6 65. Bd5
Nd8 66. Kc5 Ke5 67. Kc4 g5 68. Kd3 Kd6 69. b6 Nc6 70. b7 Nb8 71. Kd4 Kc7 72. e5
Nd7 73. e6 Nf6 74. e7 g4 75. Ke5 Ne8 76. Kf4 Nf6 77. Kg5 1-0

[Event "Landesklasse Ost 2013/2014"]
[Site "?"]
[Date "2013.09.15"]
[Round "1"]
[White "Osterroth, Reinhard"]
[Black "Richter, Jan"]
[Result "1/2-1/2"]
[WhiteElo "1877"]
[BlackElo "1907"]
[PlyCount "37"]
[EventDate "2013.??.??"]
[WhiteTeam "SV Hermsdorf"]
[BlackTeam "SV Schott Jena"]

1. d4 Nf6 2. Nf3 c5 3. g3 cxd4 4. Nxd4 e5 5. Nb3 d5 6. Bg2 a5 7. a4 Bb4+ 8. c3
Be7 9. Bg5 Nbd7 10. Na3 O-O 11. O-O Nb6 12. Nd2 Bd7 13. b3 Bc6 14. Nc2 h6 15.
Be3 Ng4 16. Nf3 Nxe3 17. Nxe3 Bf6 18. Ng4 Re8 19. Nxf6+ 1/2-1/2

[Event "Landesklasse Ost 2013/2014"]
[Site "?"]
[Date "2013.09.15"]
[Round "1"]
[White "Richter, Gerhard"]
[Black "Moje, Hans-Jürgen"]
[Result "1-0"]
[WhiteElo "2010"]
[BlackElo "1741"]
[PlyCount "109"]
[EventDate "2013.??.??"]
[WhiteTeam "SV Schott Jena"]
[BlackTeam "SV Hermsdorf"]

1. d4 d5 2. c4 e5 3. dxe5 d4 4. Nf3 Nc6 5. g3 Bf5 6. Bg2 d3 7. Bg5 Bb4+ 8. Nc3
Nge7 9. e3 h6 10. Bxe7 Qxe7 11. O-O O-O 12. Nd5 Qd8 13. a3 Be7 14. Nd4 Bh7 15.
Nxc6 bxc6 16. Nxe7+ Qxe7 17. f4 Qc5 18. Qd2 Rab8 19. b4 Qb6 20. c5 Qb5 21. Rfb1
Rfd8 22. a4 Qc4 23. Rb2 Be4 24. Rc1 Qd5 25. Rd1 Rd7 26. Bxe4 Qxe4 27. Rb3 Rbd8
28. Ra3 Rb8 29. Rxd3 Rxd3 30. Qxd3 Qxb4 31. Qd4 a5 32. Qxb4 Rxb4 33. Rd7 Rxa4
34. Rxc7 Rc4 35. Rxc6 Kf8 36. Rc7 a4 37. Kg2 a3 38. Ra7 Rc2+ 39. Kh3 a2 40. g4
Ke8 41. Kg3 Re2 42. Kf3 Rxh2 43. Ke4 Rd2 44. f5 g6 45. f6 h5 46. gxh5 gxh5 47.
e6 fxe6 48. Ke5 Rd7 49. Rxa2 Kf7 50. e4 Rb7 51. Rg2 Rb4 52. Rg7+ Kf8 53. c6 Rc4
54. c7 Rc6 55. Rd7 1-0

[Event "Landesklasse Ost 2013/2014"]
[Site "?"]
[Date "2013.09.15"]
[Round "1"]
[White "Hädrich, Dirk"]
[Black "Bunke, Wilfried"]
[Result "1/2-1/2"]
[WhiteElo "1802"]
[BlackElo "1958"]
[PlyCount "51"]
[EventDate "2013.??.??"]
[WhiteTeam "SV Hermsdorf"]
[BlackTeam "SV Schott Jena"]

1. d4 Nf6 2. e3 d5 3. Bd3 e6 4. f4 c5 5. c3 Nc6 6. Nf3 Be7 7. O-O Ne4 8. Nbd2
f5 9. Ne5 Nxe5 10. fxe5 O-O 11. Nxe4 fxe4 12. Be2 Bd7 13. Bd2 Rxf1+ 14. Bxf1
Qb6 15. b3 a5 16. a4 Rf8 17. Qc2 Be8 18. Be2 Bg6 19. Rf1 Rc8 20. Qb2 Bg5 21.
Bb5 Be8 22. Bxe8 Rxe8 23. Qc2 Qa6 24. Bc1 Be7 25. Ba3 b6 26. c4 1/2-1/2

[Event "Landesklasse Ost 2013/2014"]
[Site "?"]
[Date "2013.09.15"]
[Round "1"]
[White "Richter, Sebastian"]
[Black "Bülau, Daniel"]
[Result "1/2-1/2"]
[WhiteElo "1772"]
[BlackElo "1478"]
[PlyCount "45"]
[EventDate "2013.??.??"]
[WhiteTeam "SV Schott Jena"]
[BlackTeam "SV Hermsdorf"]

1. d4 f5 2. Bg5 g6 3. Nc3 Bg7 4. h4 Nf6 5. h5 Nxh5 6. Rxh5 gxh5 7. e4 O-O 8.
Bc4+ Kh8 9. Qxh5 c6 10. Nge2 Qe8 11. Qxe8 Rxe8 12. exf5 d5 13. Bd3 Rf8 14. Bxe7
Rf7 15. f6 Bxf6 16. Bd6 Bg7 17. Nd1 Bf5 18. Bxf5 Rxf5 19. Ne3 Rf7 20. Ng4 Nd7
21. O-O-O Re8 22. Ng3 Re6 23. Bb4 1/2-1/2

[Event "Landesklasse Ost 2013/2014"]
[Site "?"]
[Date "2013.09.15"]
[Round "1"]
[White "Schulz, Phillip"]
[Black "Scholz, Lucas"]
[Result "0-1"]
[WhiteElo "1448"]
[BlackElo "1732"]
[PlyCount "48"]
[EventDate "2013.??.??"]
[WhiteTeam "SV Hermsdorf"]
[BlackTeam "SV Schott Jena"]

1. d4 Nf6 2. c4 g6 3. Nc3 d5 4. cxd5 Nxd5 5. e4 Nxc3 6. bxc3 Bg7 7. Nf3 c5 8.
h3 Nc6 9. Be3 Qa5 10. Qd2 O-O 11. Rb1 cxd4 12. cxd4 Qxd2+ 13. Kxd2 Rd8 14. e5
Nxe5 15. Nxe5 Bxe5 16. Kc3 Bg7 17. Bc4 b6 18. Rhd1 Bf5 19. Rb4 Rac8 20. Kb3 e5
21. d5 Bf8 22. Ra4 b5 23. Bxb5 Bc2+ 24. Kb2 Bxd1 0-1

[Event "Landesklasse Ost 2013/2014"]
[Site "?"]
[Date "2013.09.15"]
[Round "1"]
[White "Jordan, Gunter"]
[Black "Sacher, Meik"]
[Result "1-0"]
[WhiteElo "1855"]
[BlackElo "1895"]
[PlyCount "45"]
[EventDate "2013.??.??"]
[WhiteTeam "SV Schott Jena"]
[BlackTeam "SV Hermsdorf"]

1. d4 Nf6 2. c4 g6 3. Nc3 Bg7 4. e4 d6 5. Be2 O-O 6. Bg5 h6 7. Be3 e5 8. d5 Kh7
9. g4 Na6 10. g5 Ng8 11. h4 f5 12. h5 f4 13. hxg6+ Kxg6 14. Bh5+ Kh7 15. Bd2
Qxg5 16. Nf3 Qf6 17. Qe2 Ne7 18. O-O-O Bd7 19. Rdg1 Bh8 20. Ng5+ hxg5 21. Be8+
Kg8 22. Rxh8+ Kxh8 23. Qh5+ 1-0

[Event "Landesklasse Ost 2013/2014"]
[Site "?"]
[Date "2013.09.15"]
[Round "1"]
[White "Taudte, Stefan"]
[Black "Skibbe, Diana"]
[Result "1/2-1/2"]
[WhiteElo "2015"]
[BlackElo "1922"]
[PlyCount "72"]
[EventDate "2013.??.??"]
[WhiteTeam "SV Empor Erfurt"]
[BlackTeam "TSV Zeulenroda"]

1. d4 f5 2. c4 Nf6 3. Nc3 g6 4. f3 d6 5. e4 Nc6 6. d5 Ne5 7. f4 Nf7 8. Bd3 fxe4
9. Nxe4 e5 10. Nf3 Bg7 11. fxe5 Nxe4 12. Bxe4 Nxe5 13. O-O O-O 14. Qb3 Nxf3+
15. Rxf3 Bg4 16. Rxf8+ Qxf8 17. Bf3 Re8 18. Bg5 Bd4+ 19. Kh1 Bxf3 20. Qxf3 Qxf3
21. gxf3 Re2 22. Rd1 Bxb2 23. Bd8 Be5 24. Bxc7 Rxh2+ 25. Kg1 Rxa2 26. c5 Ra6
27. Kf1 Kf7 28. Rb1 Kf6 29. f4 Bxf4 30. Rxb7 Kf5 31. c6 Ke4 32. Bd8 Ra1+ 33.
Ke2 Rc1 34. c7 Rc2+ 35. Kd1 Rc1+ 36. Ke2 Rc2+ 1/2-1/2

[Event "Landesklasse Ost 2013/2014"]
[Site "?"]
[Date "2013.09.15"]
[Round "1"]
[White "Barth, Christian"]
[Black "Zahn, Alina"]
[Result "0-1"]
[WhiteElo "1814"]
[BlackElo "1944"]
[PlyCount "62"]
[EventDate "2013.??.??"]
[WhiteTeam "TSV Zeulenroda"]
[BlackTeam "SV Empor Erfurt"]

1. e4 e5 2. Nf3 Nc6 3. Bc4 Bc5 4. c3 Nf6 5. d3 O-O 6. Bg5 h6 7. Bh4 Be7 8. Nbd2
Re8 9. Qb3 d5 10. exd5 Na5 11. Qc2 e4 12. dxe4 Nxe4 13. Bxe7 Nxd2 14. O-O-O
Qxe7 15. Nxd2 Bg4 16. f3 Bd7 17. Bd3 b5 18. Ne4 Rab8 19. d6 cxd6 20. Nxd6 Rf8
21. Rhe1 Be6 22. Nxb5 Rxb5 23. Bxb5 Qg5+ 24. f4 Qxb5 25. Re5 Qb6 26. b4 Nc4 27.
Rc5 Ne3 28. Qe2 Nxd1 29. Kxd1 Rd8+ 30. Kc1 Qd6 31. a4 Qxf4+ 0-1

[Event "Landesklasse Ost 2013/2014"]
[Site "?"]
[Date "2013.09.15"]
[Round "1"]
[White "Schmuck, Helmut"]
[Black "Liebold, Thomas"]
[Result "0-1"]
[WhiteElo "1979"]
[BlackElo "2006"]
[PlyCount "98"]
[EventDate "2013.??.??"]
[WhiteTeam "SV Empor Erfurt"]
[BlackTeam "TSV Zeulenroda"]

1. d4 Nf6 2. c4 c5 3. d5 b5 4. cxb5 a6 5. b6 Qxb6 6. Nc3 d6 7. e4 Nbd7 8. Nf3
g6 9. Be2 Bg7 10. O-O O-O 11. h3 a5 12. Nd2 Ba6 13. a3 Rfb8 14. Nc4 Qc7 15. f4
Nb6 16. Nxb6 Qxb6 17. Re1 Bxe2 18. Qxe2 Nd7 19. Kh2 Qb3 20. Bd2 Nb6 21. Reb1
Nc4 22. Be1 Rb7 23. a4 Nb6 24. Ra3 Qc4 25. b3 Qxe2 26. Nxe2 f5 27. exf5 Nxd5
28. fxg6 hxg6 29. Rd1 e6 30. g4 Bb2 31. Ra2 Rxb3 32. f5 Be5+ 33. Bg3 Rxg3 34.
Nxg3 Nc3 35. Rad2 Nxd1 36. Rxd1 exf5 37. gxf5 gxf5 38. Kg2 Kf7 39. Kf3 Ke6 40.
Ne2 Rb8 41. Nf4+ Kf7 42. Nd5 Rb3+ 43. Ke2 Rxh3 44. Rf1 Ke6 45. Ne3 f4 46. Nc4
Rh2+ 47. Kd3 d5 48. Nxa5 c4+ 49. Nxc4 Rh3+ 0-1

[Event "Landesklasse Ost 2013/2014"]
[Site "?"]
[Date "2013.09.15"]
[Round "1"]
[White "Werner, Daniel"]
[Black "Streichardt, Niklas"]
[Result "1-0"]
[WhiteElo "1775"]
[BlackElo "1748"]
[PlyCount "67"]
[EventDate "2013.??.??"]
[WhiteTeam "TSV Zeulenroda"]
[BlackTeam "SV Empor Erfurt"]

1. e4 e5 2. Nf3 Nc6 3. Bb5 a6 4. Ba4 b5 5. Bb3 Bc5 6. O-O Nf6 7. Re1 O-O 8. c3
Bb6 9. d4 d6 10. h3 h6 11. Bc2 Qe7 12. d5 Na5 13. Nbd2 Nh7 14. Nf1 f5 15. exf5
Bxf5 16. Be3 Bxc2 17. Qxc2 Nc4 18. Bxb6 Nxb6 19. Rad1 Qf7 20. Ne3 Nf6 21. Qd2
Nh5 22. Nh4 Nf4 23. Nhf5 Rae8 24. Ng3 h5 25. Ne2 Nxh3+ 26. gxh3 Qxf2+ 27. Kh1
Rf3 28. Ng1 Rf6 29. Rf1 Qh4 30. Rxf6 Qxf6 31. Rf1 Qh4 32. Qg2 Qd8 33. Qg6 Re7
34. Nf5 1-0

[Event "Landesklasse Ost 2013/2014"]
[Site "?"]
[Date "2013.09.15"]
[Round "1"]
[White "Nicolai, Tim"]
[Black "Riemer, Marion"]
[Result "1/2-1/2"]
[WhiteElo "1641"]
[BlackElo "1716"]
[PlyCount "68"]
[EventDate "2013.??.??"]
[WhiteTeam "SV Empor Erfurt"]
[BlackTeam "TSV Zeulenroda"]

1. e4 d5 2. exd5 Nf6 3. d4 Nxd5 4. Nf3 Bg4 5. Be2 g6 6. h3 Bxf3 7. Bxf3 c6 8.
Nc3 Bg7 9. Nxd5 cxd5 10. c3 e6 11. Qb3 Qd7 12. Qa3 Nc6 13. O-O Qe7 14. Qxe7+
Nxe7 15. Bf4 Nc6 16. Rfe1 O-O 17. h4 Rac8 18. Rac1 Rfe8 19. g4 Na5 20. b3 a6
21. h5 b5 22. hxg6 hxg6 23. Bd2 Nc6 24. Bg2 Bf8 25. f4 Ba3 26. Rcd1 Bd6 27. f5
Kg7 28. Rf1 gxf5 29. gxf5 Rh8 30. fxe6 Bh2+ 31. Kf2 fxe6 32. Ke2 Ne7 33. Kd3
Rhf8 34. Rh1 Bf4 1/2-1/2

[Event "Landesklasse Ost 2013/2014"]
[Site "?"]
[Date "2013.09.15"]
[Round "1"]
[White "Fuchs, Antje"]
[Black "Thiemann, Jürgen"]
[Result "1-0"]
[WhiteElo "1969"]
[BlackElo "1708"]
[PlyCount "59"]
[EventDate "2013.??.??"]
[WhiteTeam "TSV Zeulenroda"]
[BlackTeam "SV Empor Erfurt"]

1. e4 c6 2. Nc3 d5 3. Nf3 dxe4 4. Nxe4 Nd7 5. Bc4 Ngf6 6. Ng3 e6 7. O-O Bd6 8.
d4 Qc7 9. Bb3 Bf4 10. c4 O-O 11. Ne2 Bxc1 12. Rxc1 c5 13. d5 Ne4 14. dxe6 fxe6
15. Nc3 Ndf6 16. Nxe4 Nxe4 17. Qe2 Qf4 18. Bc2 Ng5 19. Nxg5 Qxg5 20. Rcd1 Rd8
21. Rxd8+ Qxd8 22. Qh5 g6 23. Qxc5 b6 24. Qe5 Qe7 25. Be4 Bb7 26. Bxb7 Qxb7 27.
Qxe6+ Kg7 28. Rd1 Qc8 29. Rd7+ Kh6 30. Qe3+ 1-0

[Event "Landesklasse Ost 2013/2014"]
[Site "?"]
[Date "2013.09.15"]
[Round "1"]
[White "Renner, Wolfgang"]
[Black "Glock, Benjamin"]
[Result "0-1"]
[WhiteElo "1743"]
[BlackElo "1730"]
[PlyCount "106"]
[EventDate "2013.??.??"]
[WhiteTeam "SV Empor Erfurt"]
[BlackTeam "TSV Zeulenroda"]

1. Nf3 Nf6 2. g3 d5 3. Bg2 g6 4. b3 Bg7 5. Bb2 O-O 6. O-O c5 7. d4 cxd4 8. Bxd4
Nc6 9. Bb2 Bg4 10. Nbd2 Qd7 11. Re1 Rfd8 12. Ne5 Nxe5 13. Bxe5 Bh3 14. Nf3 Bxg2
15. Kxg2 Rac8 16. Rc1 Qc6 17. Qd4 a6 18. Qb4 Qc5 19. Qxc5 Rxc5 20. Red1 Rdc8
21. c4 dxc4 22. Rxc4 Rxc4 23. bxc4 h6 24. Rc1 Nd7 25. Bxg7 Kxg7 26. Nd4 b5 27.
c5 Rxc5 28. Rd1 Nb6 29. e3 Rd5 30. e4 Rd7 31. e5 Kg8 32. f4 Nc4 33. Kf3 Na3 34.
Ke4 Nc2 35. Rd2 Nxd4 36. Rxd4 Rb7 37. Kd3 a5 38. Kc3 Kg7 39. Kb3 f6 40. Rd5 Kf7
41. a4 bxa4+ 42. Kxa4 Ra7 43. exf6 exf6 44. Rxa5 Rxa5+ 45. Kxa5 Ke6 46. Kb5 g5
47. fxg5 fxg5 48. Kc4 Kf5 49. Kd3 Kg4 50. Ke2 Kh3 51. Kf2 Kxh2 52. g4 Kh3 53.
Kf3 Kh4 0-1

[Event "Landesklasse Ost 2013/2014"]
[Site "?"]
[Date "2013.09.15"]
[Round "1"]
[White "Prütting, Marcus"]
[Black "Rieger, Lotta"]
[Result "0-1"]
[WhiteElo "1292"]
[BlackElo "1335"]
[PlyCount "64"]
[EventDate "2013.??.??"]
[WhiteTeam "TSV Zeulenroda"]
[BlackTeam "SV Empor Erfurt"]

1. e4 e6 2. d4 d5 3. e5 c5 4. c3 Nc6 5. Nf3 Qb6 6. b3 cxd4 7. Nxd4 Nxe5 8. Be3
Qd8 9. Nd2 Nf6 10. Qc2 Nfg4 11. h3 Nxe3 12. fxe3 Qh4+ 13. Ke2 Ng4 14. Kf3 Ne5+
15. Ke2 Qh5+ 16. N2f3 Nxf3 17. Nxf3 e5 18. e4 f5 19. Kf2 Bc5+ 20. Ke1 fxe4 21.
Nh2 Qh4+ 22. Kd1 O-O 23. Be2 Rf2 24. Qd2 d4 25. cxd4 exd4 26. Bc4+ Kh8 27. Qe1
e3 28. Rf1 Rd2+ 29. Kc1 Ba3+ 30. Kb1 Qxe1+ 31. Rxe1 Bf5+ 32. Bd3 Bxd3# 0-1